| 000 | 00485nam a22001937a 4500 | ||
|---|---|---|---|
| 003 | LK-CoMWRAF | ||
| 005 | 20231019231158.0 | ||
| 008 | 231019b |||||||| |||| 00| 0 eng d | ||
| 020 | _a0233971238 | ||
| 040 |
_aLK-CoMWRAF _dLK-CoMWRAF _eLK-CoMWRAF |
||
| 041 | _aeng | ||
| 082 |
_a823 _bJON |
||
| 100 | _aJones, Mervyn | ||
| 245 |
_aThe Beautiful words : _bA novel |
||
| 260 |
_aLondon : _bDeutsch, _c1979 |
||
| 300 | _a224p. ; 21cm. | ||
| 650 | _aEnglish Fiction | ||
| 942 | _cBK | ||
| 999 |
_c3951 _d3951 |
||